[Event "DSOL 07 Liga Gr-A 1st"]
[Site "Playchess.com INT"]
[Date "2020.08.14"]
[Round "2.3"]
[White "Thoss, Silvio"]
[Black "Franke, Lukas"]
[Result "1-0"]
[WhiteElo "1351"]
[BlackElo "1428"]
[PlyCount "99"]
[EventDate "2020.06.22"]
[EventType "team-tourn (rapid)"]
[EventCountry "GER"]
[SourceTitle "EXT 2021"]
[Source "ChessBase"]
[SourceDate "2020.10.23"]
[SourceVersion "1"]
[SourceVersionDate "2020.10.23"]
[SourceQuality "1"]
[WhiteTeam "Thuering Foederverein"]
[BlackTeam "Koenigsjaeger Sued West II"]
[WhiteTeamCountry "GER"]
[BlackTeamCountry "GER"]

1. c4 d6 2. g3 Nd7 3. Bg2 e5 4. e4 Ngf6 5. Nc3 Be7 6. Nge2 0-0 7. d3 h6 8. 0-0 Re8 9. b4 Nf8 10. Rb1 Ng6 11. h3 c6 12. d4 Qc7 13. Be3 b6 14. d5 Bb7 15. Rc1 Rac8 16. a4 Nh7 17. Qb3 Qd8 18. a5 Bg5 19. Bxg5 Qxg5 20. axb6 axb6 21. dxc6 Bxc6 22. Nd5 Bxd5 23. cxd5 Qd2 24. Nc3 Rc7 25. Rfd1 Qg5 26. Ra1 Rec8 27. Nb5 Rc1 28. Nxd6 Rxd1+ 29. Rxd1 Rc1 30. Nc4 Rxd1+ 31. Qxd1 Qd8 32. Qa4 Ne7 33. Nxe5 Nf6 34. Nc6 Nxc6 35. Qxc6 Nd7 36. d6 Ne5 37. Qc7 Qf6 38. Qe7 Qe6 39. f4 Nd7 40. Qxe6 fxe6 41. e5 Kf7 42. Kf2 Nb8 43. Bb7 Ke8 44. Ke3 Kd7 45. Kd4 Nc6+ 46. Bxc6+ Kxc6 47. g4 g6 48. h4 b5 49. Ke4 Kd7 50. f5 1-0